Catálogo
 En Linea

Una historia de amor en Caracas del ángel y la bella lesbiana / (Registro nro. 10835)

Detalles MARC
000 -CABECERA
campo de control de longitud fija 00748nam a2200193 a 4500
001 - NÚMERO DE CONTROL
campo de control 000011110
005 - FECHA Y HORA DE LA ÚLTIMA TRANSACCIÓN
campo de control 20200929162349.0
008 - DATOS DE LONGITUD FIJA--INFORMACIÓN GENERAL
campo de control de longitud fija 091014s1995 pr a 000 0 spa d
040 ## - FUENTE DE LA CATALOGACIÓN
Centro catalogador/agencia de origen DO-SdBNP
Lengua de catalogación spa
Centro/agencia transcriptor BNPHU
082 ## - NÚMERO DE LA CLASIFICACIÓN DECIMAL DEWEY
Número de clasificación PR861.44
Número de documento/Ítem G216h
049 ## - FONDOS LOCALES (OCLC)
Fondos de biblioteca BNPD
100 1# - ENTRADA PRINCIPAL--NOMBRE DE PERSONA
Nombre de persona García-Rodríguez, José María
Fechas asociadas al nombre 1912-
9 (RLIN) 26616
245 14 - MENCIÓN DE TÍTULO
Título Una historia de amor en Caracas del ángel y la bella lesbiana /
Mención de responsabilidad, etc. José María García-Rodríguez; prólogo Jaime García-Rodríguez Álvarez.
260 ## - PUBLICACIÓN, DISTRIBUCIÓN, ETC.
Lugar de publicación, distribución, etc. Puerto Rico, :
Nombre del editor, distribuidor, etc. [s.n.],
Fecha de publicación, distribución, etc. 1995.
Lugar de fabricación/manufactura República Dominicana
Fabricante Taller
300 ## - DESCRIPCIÓN FÍSICA
Extensión 115 p. ; :
Otras características físicas il. ;
Dimensiones 23 cm.
650 #4 - PUNTO DE ACCESO ADICIONAL DE MATERIA--TÉRMINO DE MATERIA
Término de materia o nombre geográfico como elemento de entrada Poesía puertorriqueña
9 (RLIN) 1015
650 #4 - PUNTO DE ACCESO ADICIONAL DE MATERIA--TÉRMINO DE MATERIA
Término de materia o nombre geográfico como elemento de entrada Novela puertorriqueña
9 (RLIN) 1185
700 1# - PUNTO DE ACCESO ADICIONAL--NOMBRE DE PERSONA
Nombre de persona García-Rodríguez Álvarez, Jaime
Término indicativo de función/relación pról.
9 (RLIN) 26617
Existencias
Estado de retiro Estado de pérdida Restricciones de uso No para préstamo Código de colección Localización permanente Ubicación/localización actual Ubicación en estantería Fecha de adquisición Número de inventario Total de préstamos Signatura topográfica completa Código de barras Fecha visto por última vez Precio válido a partir de Tipo de ítem Koha Número de copia
      Excluido de préstamo Monografías: Libros y Folletos Patrimonio Dominicano Patrimonio Dominicano En catalogación 14.10.2009 LF1   PR861.44 G216h 11110-10 25.06.2020 25.06.2020 No se presta  
      Excluido de préstamo Monografías: Libros y Folletos Patrimonio Dominicano Patrimonio Dominicano En catalogación 14.10.2009 LF1   PR861.44 G216h 11110-20 25.06.2020 25.06.2020 No se presta e. 2

Con tecnología Koha